000 00716nam a2200229 a 4500
001 83018
003 BD-RjUL
005 20240208144346.0
008 240208s1901 enk 000 0 eng d
035 _a(BD-RjUL)83018
040 _aBGU
_beng
_cBD-RjUL
041 1 _aeng
082 _223
_a823.9
_bBAF 1901
100 1 _aBalzac, Honoré de,
_d1799-1850
_911577
245 1 2 _aA father's curse and other stories /
_cH. de Balzac ; translated by James Waring.
260 _aLondon ;
_aNew York :
_bJ. M. Dent ;
_bMacmillan :
_c1901
300 _axii, 342 p.:
_billustrations ;
_c17 cm.
500 _aPart of : Comedie humaine
500 _aTranslation of : L'enfant maudit
650 _aShort Stories
942 _2ddc
_cBK
999 _c83018
_d83018